<?xml version="1.0" encoding="UTF-8"?>
<collection xmlns="http://www.loc.gov/MARC21/slim">
 <record>
  <leader>00886cam a2200229 7i4500</leader>
  <controlfield tag="001">0000069070</controlfield>
  <controlfield tag="005">20090303090000.0</controlfield>
  <controlfield tag="008">090303s2007    pau     sb    001 0 eng d</controlfield>
  <datafield tag="020" ind1="0" ind2="0">
   <subfield code="a">9781591409892 (set - 2v) </subfield>
  </datafield>
  <datafield tag="020" ind1="0" ind2="0">
   <subfield code="a">1591409896  (set - 2v) </subfield>
  </datafield>
  <datafield tag="090" ind1="0" ind2="0">
   <subfield code="a">ZA 4201 </subfield>
   <subfield code="b">.E5 2007</subfield>
  </datafield>
  <datafield tag="245" ind1="1" ind2="0">
   <subfield code="a">Encyclopedia of portal technologies and applications  </subfield>
   <subfield code="c">Arthur Tatnall [editor].</subfield>
  </datafield>
  <datafield tag="260" ind1="0" ind2="0">
   <subfield code="a">Hershey, PA: </subfield>
   <subfield code="b">Information Science reference, </subfield>
   <subfield code="c">2007.</subfield>
  </datafield>
  <datafield tag="300" ind1=" " ind2=" ">
   <subfield code="a">2 v.: </subfield>
   <subfield code="b">ill.; </subfield>
   <subfield code="c">29 cm..</subfield>
  </datafield>
  <datafield tag="504" ind1="0" ind2="0">
   <subfield code="a">Includes bibliographical references and index</subfield>
  </datafield>
  <datafield tag="650" ind1="0" ind2="0">
   <subfield code="a">World Wide Web Ix Encyclopedias </subfield>
  </datafield>
  <datafield tag="650" ind1="0" ind2="0">
   <subfield code="a">Knowledge management -- </subfield>
   <subfield code="x">Encyclopedias </subfield>
  </datafield>
  <datafield tag="650" ind1="0" ind2="0">
   <subfield code="a">Online information services -- </subfield>
   <subfield code="x">Encyclopedias </subfield>
  </datafield>
  <datafield tag="650" ind1="0" ind2="0">
   <subfield code="a">Web portals -- </subfield>
   <subfield code="x">Encyclopedias </subfield>
  </datafield>
  <datafield tag="700" ind1="1" ind2="1">
   <subfield code="a">Tatnall, Arthur </subfield>
  </datafield>
  <datafield tag="999" ind1=" " ind2=" ">
   <subfield code="a">1100064650</subfield>
   <subfield code="b">Book</subfield>
   <subfield code="c">Rujukan</subfield>
   <subfield code="e">KOLEKSI RUJUKAN</subfield>
  </datafield>
  <datafield tag="999" ind1=" " ind2=" ">
   <subfield code="a">1100064651</subfield>
   <subfield code="b">Book</subfield>
   <subfield code="c">Rujukan</subfield>
   <subfield code="e">KOLEKSI RUJUKAN</subfield>
  </datafield>
 </record>
</collection>
